000 00557nam a22001937a 4500
005 20100726135359.0
010 _aENG-97101
020 _c600.00
035 _aEN-80634
037 _bDBAD/PUB
082 _a294.592146
100 _a.., Avtar Singh
_91470
245 _aThe bleeding limbs of the sikhs :
_cAvtar Singh Gill
_bstark reality revealed /
260 _aPunjab
_bJaswant Publisher
270 _a41/-100-j,Bhai Ranbir singh Nagar
_bPunjab
300 _a414p.
_c23cm (pbk)
700 _91414
942 _2ddc
_cEN
_h954.052
_mGIL
999 _c37712
_d37712